Stanley Cup Champion Teams - Statistics

General Stats
  • This quiz has been taken 148 times
  • The average score is 17 of 26
Answers on the Grid
Answers color-coded by a green-red scale on the quiz's grid according to % correct below.
Anaheim Ducks
Atlanta Flames
Atlanta Thrashers
Boston Bruins
Buffalo Sabres
Calgary Flames
Carolina Hurricanes
Chicago Blackhawks
Cleveland Barons
Colorado Avalanche
Columbus Blue Jackets
Dallas Stars
Detroit Red Wings
Edmonton Oilers
Florida Panthers
Hamilton Tigers
Kansas City Scouts
Los Angeles Kings
Minnesota Wild
Montreal Canadiens
Montreal Maroons
Nashville Predators
New Jersey Devils
New York Islanders
New York Rangers
Oakland Seals
Philadelphia Flyers
Pittsburgh Penguins
San Jose Sharks
Seattle Kraken
Seattle Metropolitans
St. Louis Blues
Tampa Bay Lightning
Toronto Maple Leafs
Utah Mammoth
Vancouver Canucks
Vancouver Millionaires
Vegas Golden Knights
Victoria Cougars
Washington Capitals
Winnipeg Jets
 
Answer Stats
Answer % Correct
Boston Bruins
87%
Chicago Blackhawks
84%
Florida Panthers
83%
Detroit Red Wings
82%
Anaheim Ducks
80%
Colorado Avalanche
80%
Edmonton Oilers
79%
Montreal Canadiens
76%
New York Rangers
75%
Pittsburgh Penguins
75%
Carolina Hurricanes
74%
Los Angeles Kings
74%
Dallas Stars
72%
Tampa Bay Lightning
71%
Toronto Maple Leafs
71%
New Jersey Devils
70%
New York Islanders
70%
Philadelphia Flyers
70%
Calgary Flames
67%
Vegas Golden Knights
67%
St. Louis Blues
63%
Washington Capitals
62%
Montreal Maroons
42%
Victoria Cougars
18%
Vancouver Millionaires
14%
Seattle Metropolitans
11%
No matching quizzes found
Score Distribution
Percent of People with Each Score
Percentile by Number Answered
Your Score History
You have not taken this quiz